The Derbyshire miners : a study in industrial and social history.

Saved in:
Bibliographic Details
Main Author: Williams, James Eccles
Format: Book
Language:English
Published: London : Allen and Unwin, [1962].
Subjects:
LEADER 00800nam a2200217 i 4500
001 c000253782
003 CARM
005 00000000000000.0
008 840820s1962 enk 0 eng d
019 1 |a 21204524 
035 |a (ltul).b1329510x 
082 0 4 |a 331.8812233 
100 1 |a Williams, James Eccles. 
245 1 4 |a The Derbyshire miners :  |b a study in industrial and social history. 
260 |a London :  |b Allen and Unwin,  |c [1962]. 
300 |a 933 p. :  |b illus. 
650 0 |a Coal miners  |z England  |z Derbyshire. 
650 0 |a Labor unions  |z England  |z Derbyshire. 
852 8 |b CARM  |h A1:AP11C0  |i C08816  |p 0338292  |f BK 
999 f f |i 696ba675-61ab-57ef-8e7c-3686cfa0ec01  |s 6cf95fbc-ac0a-56c0-bc1d-5789c205913a 
952 f f |p Can circulate  |a CAVAL  |b CAVAL  |c CAVAL  |d CARM 1 Store  |e C08816  |f A1:AP11C0  |h Other scheme  |i book  |m 0338292